Statistics for American Monopoly Board - Map Quiz

Click here to take the quiz!

General Stats

  • This quiz has been taken 5,814 times
  • The average score is 17 of 36

Answer Stats

Answer % Correct
GO
85%
Go To Jail
73%
Just Visiting (In Jail)
66%
Free Parking
66%
Boardwalk
65%
Chance
61%
Park Place
61%
Baltic Avenue
58%
Luxury Tax
57%
Income Tax
53%
Water Works
52%
Electric Company
51%
B&O Railroad
50%
Community Chest
49%
Illinois Avenue
47%
Marvin Gardens
46%
Connecticut Avenue
45%
Short Line
44%
Reading Railroad
44%
Pennsylvania Avenue
39%
New York Avenue
39%
Mediterranean Avenue
39%
St. Charles Place
37%
Pennsylvania Railroad
37%
Oriental Avenue
36%
St. James Place
36%
North Carolina Avenue
35%
Indiana Avenue
35%
Tennessee Avenue
34%
Ventnor Avenue
33%
Virginia Avenue
31%
Kentucky Avenue
31%
Vermont Avenue
30%
Atlantic Avenue
30%
Pacific Avenue
29%
States Avenue
26%

Score Distribution

Percentile by Number Answered

Percent of People with Each Score

Your Score History

You have not taken this quiz